| 000 | 00431pab a2200157 454500 | ||
|---|---|---|---|
| 008 | 180718b1983 xxu||||| |||| 00| 0 eng d | ||
| 100 | _aOgawa, Naohiro | ||
| 245 |
_aRetirement policy and Japanese workers _bSome results of an opinion survey |
||
| 260 | _c1983 | ||
| 300 | _a733-46 | ||
| 362 | _aNov.-Dec. | ||
| 650 | _aRetirement - Japan | ||
| 700 | _aDaniel B. Suits | ||
| 773 | _aInternational Labour Review | ||
| 909 | _a17227 | ||
| 999 |
_c17227 _d17227 |
||